[Event "ODJM C 2024"]
[Site "Willingen GER"]
[Date "2024.05.22"]
[Round "5"]
[White "Christoffers, Julia Anne"]
[Black "Giss, Annika"]
[Result "1-0"]
[Termination "normal"]
[Board "31"]
[WhiteElo "1531"]
[BlackElo "1642"]
[WhiteClock "00:12:02"]
[BlackClock "00:27:03"]
[PlyCount "117"]
[WhiteFideId "16249895"]
[BlackFideId "34673148"]
[EventCountry "GER"]
[EventRounds "9"]
[EventType "swiss"]
[EventDate "2024.05.18"]

1. d4 {[%clk 01:30:58]} {[%emt 00:00:02]} Nf6 {[%clk 01:30:52]} {[%emt
00:00:07]} 2. Bf4 {[%clk 01:31:13]} {[%emt 00:00:15]} e6 {[%clk 01:31:14]}
{[%emt 00:00:08]} 3. e3 {[%clk 01:31:31]} {[%emt 00:00:12]} c5 {[%clk
01:31:29]} {[%emt 00:00:15]} 4. c3 {[%clk 01:31:21]} {[%emt 00:00:41]} b6
{[%clk 01:31:41]} {[%emt 00:00:18]} 5. Nf3 {[%clk 01:30:36]} {[%emt 00:01:15]}
Bb7 {[%clk 01:31:52]} {[%emt 00:00:18]} 6. Bd3 {[%clk 01:29:50]} {[%emt
00:01:16]} d5 {[%clk 01:31:46]} {[%emt 00:00:36]} 7. O-O {[%emt 00:03:07]} Nbd7
{[%clk 01:31:12]} 8. Nbd2 {[%clk 01:25:47]} {[%emt 00:03:00]} Be7 {[%clk
01:30:57]} {[%emt 00:00:45]} 9. Qc2 {[%clk 01:24:09]} {[%emt 00:02:09]} a6
{[%clk 01:29:32]} {[%emt 00:01:55]} 10. c4 {[%clk 01:18:48]} {[%emt 00:05:52]}
Nf8 {[%clk 01:22:50]} {[%emt 00:07:11]} 11. h3 {[%clk 01:16:32]} {[%emt
00:02:47]} Ng6 {[%clk 01:19:10]} {[%emt 00:04:09]} 12. Bh2 {[%emt 00:00:45]}
Bd6 {[%clk 01:12:20]} {[%emt 00:07:17]} 13. Bxd6 {[%clk 01:15:02]} {[%emt
00:01:49]} Qxd6 {[%clk 01:12:37]} {[%emt 00:00:12]} 14. e4 {[%clk 01:15:14]}
{[%emt 00:00:18]} dxe4 {[%clk 01:09:57]} {[%emt 00:03:08]} 15. Nxe4 {[%clk
01:15:13]} {[%emt 00:00:34]} Qf4 {[%clk 01:03:15]} {[%emt 00:07:12]} 16. Rfe1
{[%clk 01:08:37]} {[%emt 00:07:06]} cxd4 {[%clk 01:00:38]} {[%emt 00:03:07]}
17. Nxd4 {[%clk 01:05:36]} {[%emt 00:03:31]} Ne7 {[%clk 00:52:38]} {[%emt
00:08:30]} 18. Ne2 {[%clk 01:00:37]} {[%emt 00:05:28]} Qh6 {[%clk 00:50:52]}
{[%emt 00:02:15]} 19. Nd6+ {[%clk 00:59:29]} {[%emt 00:01:39]} Kd7 {[%clk
00:44:21]} {[%emt 00:07:01]} 20. Nxb7 {[%clk 00:56:57]} {[%emt 00:03:03]} Ra7
{[%clk 00:44:32]} {[%emt 00:00:19]} 21. Qa4+ {[%clk 00:47:05]} {[%emt
00:10:22]} Kc7 {[%clk 00:43:42]} {[%emt 00:01:19]} 22. Qb4 {[%clk 00:44:59]}
{[%emt 00:02:36]} Nc6 {[%clk 00:42:56]} {[%emt 00:01:17]} 23. Qd6+ {[%clk
00:38:12]} {[%emt 00:07:16]} Kxb7 {[%clk 00:42:11]} {[%emt 00:01:16]} 24. Nd4
{[%clk 00:37:48]} {[%emt 00:00:54]} Nxd4 {[%clk 00:40:00]} {[%emt 00:02:40]}
25. Qxd4 {[%clk 00:37:35]} {[%emt 00:00:44]} Raa8 {[%clk 00:38:12]} {[%emt
00:02:13]} 26. Be4+ {[%clk 00:35:58]} {[%emt 00:02:12]} Nxe4 {[%clk 00:38:03]}
{[%emt 00:00:39]} 27. Qxe4+ {[%clk 00:35:29]} {[%emt 00:00:59]} Kc7 {[%clk
00:37:44]} {[%emt 00:00:49]} 28. Rad1 {[%clk 00:34:19]} {[%emt 00:01:39]} Qf6
{[%clk 00:35:12]} {[%emt 00:03:01]} 29. b3 {[%clk 00:26:13]} {[%emt 00:08:38]}
g6 {[%clk 00:33:50]} {[%emt 00:01:50]} 30. Qe3 {[%clk 00:23:14]} {[%emt
00:03:29]} Rae8 {[%clk 00:30:07]} {[%emt 00:04:14]} 31. c5 {[%clk 00:21:35]}
{[%emt 00:02:10]} b5 {[%clk 00:29:34]} {[%emt 00:01:02]} 32. Qd3 {[%clk
00:18:41]} {[%emt 00:03:23]} Rd8 {[%clk 00:29:01]} {[%emt 00:01:03]} 33. Qg3+
{[%clk 00:18:10]} {[%emt 00:01:00]} Kc8 {[%clk 00:26:09]} {[%emt 00:03:24]} 34.
Rd6 {[%clk 00:15:22]} {[%emt 00:03:18]} Qe7 {[%clk 00:24:29]} {[%emt 00:02:10]}
35. Red1 {[%clk 00:13:48]} {[%emt 00:02:04]} Rxd6 {[%clk 00:24:16]} {[%emt
00:00:43]} 36. cxd6 {[%clk 00:13:50]} {[%emt 00:00:28]} Qd7 {[%clk 00:24:04]}
{[%emt 00:00:41]} 37. Qc3+ {[%clk 00:13:28]} {[%emt 00:00:52]} Kb7 {[%clk
00:23:04]} {[%emt 00:01:30]} 38. Qxh8 {[%clk 00:13:42]} {[%emt 00:00:16]} Kc6
{[%clk 00:22:46]} {[%emt 00:00:47]} 39. Qc3+ {[%clk 00:12:10]} {[%emt
00:02:03]} Kb7 {[%clk 00:22:40]} {[%emt 00:00:36]} 40. Qc7+ {[%clk 00:12:15]}
{[%emt 00:00:25]} Qxc7 {[%clk 00:22:59]} {[%emt 00:00:11]} 41. dxc7 {[%clk
00:12:41]} {[%emt 00:00:04]} Kxc7 {[%clk 00:23:15]} {[%emt 00:00:13]} 42. Kh2
{[%clk 00:12:47]} {[%emt 00:00:25]} a5 {[%clk 00:23:28]} {[%emt 00:00:16]} 43.
Kg3 {[%clk 00:13:05]} {[%emt 00:00:12]} h6 {[%clk 00:23:33]} {[%emt 00:00:25]}
44. Kf4 {[%clk 00:13:23]} {[%emt 00:00:12]} f6 {[%clk 00:23:53]} {[%emt
00:00:10]} 45. Ke4 {[%clk 00:13:10]} {[%emt 00:00:43]} Kc6 {[%clk 00:24:09]}
{[%emt 00:00:14]} 46. g4 {[%clk 00:11:47]} {[%emt 00:01:53]} a4 {[%clk
00:24:24]} {[%emt 00:00:15]} 47. bxa4 {[%clk 00:11:41]} {[%emt 00:00:37]} bxa4
{[%clk 00:24:47]} {[%emt 00:00:07]} 48. f4 {[%clk 00:11:53]} {[%emt 00:00:18]}
a3 {[%clk 00:24:40]} {[%emt 00:00:38]} 49. f5 {[%clk 00:11:45]} {[%emt
00:00:37]} exf5+ {[%clk 00:24:50]} {[%emt 00:00:19]} 50. gxf5 {[%clk 00:12:07]}
{[%emt 00:00:09]} gxf5+ {[%clk 00:25:12]} {[%emt 00:00:08]} 51. Kxf5 {[%clk
00:12:34]} {[%emt 00:00:03]} Kc5 {[%clk 00:25:30]} {[%emt 00:00:13]} 52. Rb1
{[%clk 00:12:41]} {[%emt 00:00:23]} Kd6 {[%clk 00:25:50]} {[%emt 00:00:09]} 53.
Kxf6 {[%clk 00:13:01]} {[%emt 00:00:10]} Kd7 {[%clk 00:26:11]} {[%emt
00:00:08]} 54. Kg6 {[%clk 00:13:18]} {[%emt 00:00:15]} Ke7 {[%clk 00:26:34]}
{[%emt 00:00:07]} 55. Kxh6 {[%clk 00:13:24]} {[%emt 00:00:23]} Kf6 {[%clk
00:26:52]} {[%emt 00:00:10]} 56. h4 {[%clk 00:13:42]} {[%emt 00:00:14]} Kf5
{[%clk 00:26:40]} {[%emt 00:00:42]} 57. h5 {[%clk 00:13:47]} {[%emt 00:00:25]}
Kf6 {[%clk 00:27:01]} {[%emt 00:00:09]} 58. Kh7 {[%clk 00:12:39]} {[%emt
00:01:38]} Kf7 {[%clk 00:27:03]} {[%emt 00:00:28]} 59. Rb7+ {[%clk 00:12:02]}
{[%emt 00:01:07]} 1-0

[Event "ODJM C 2024"]
[Site "Willingen GER"]
[Date "2024.05.22"]
[Round "5"]
[White "Hempel, Christian"]
[Black "Steinkamp, Matthis"]
[Result "1/2-1/2"]
[Termination "normal"]
[Board "35"]
[WhiteElo "859"]
[BlackElo "1489"]
[WhiteClock "01:34:34"]
[BlackClock "00:22:41"]
[PlyCount "138"]
[WhiteFideId "34660470"]
[BlackFideId "16287622"]
[EventCountry "GER"]
[EventRounds "9"]
[EventType "swiss"]
[EventDate "2024.05.18"]

1. d4 {[%clk 01:30:59]} d5 {[%clk 01:30:50]} {[%emt 00:00:11]} 2. c4 {[%clk
01:31:22]} {[%emt 00:00:07]} Nf6 {[%clk 01:30:40]} {[%emt 00:00:40]} 3. Nc3
{[%clk 01:31:44]} {[%emt 00:00:07]} c6 {[%clk 01:31:04]} {[%emt 00:00:06]} 4.
Bg5 {[%clk 01:31:45]} {[%emt 00:00:29]} Be6 {[%clk 01:29:44]} {[%emt 00:01:51]}
5. Nf3 {[%clk 01:31:35]} {[%emt 00:00:39]} Nbd7 {[%clk 01:29:49]} {[%emt
00:00:25]} 6. e3 {[%clk 01:31:27]} {[%emt 00:00:39]} h6 {[%clk 01:27:59]}
{[%emt 00:02:19]} 7. Bf4 {[%emt 00:00:55]} g5 {[%clk 01:27:16]} {[%emt
00:00:47]} 8. Be5 {[%clk 01:30:39]} {[%emt 00:01:20]} Bg7 {[%clk 01:26:44]}
{[%emt 00:01:01]} 9. Bxf6 {[%clk 01:30:39]} {[%emt 00:00:30]} Bxf6 {[%clk
01:26:26]} {[%emt 00:00:49]} 10. h3 {[%clk 01:30:48]} {[%emt 00:00:20]} a6
{[%clk 01:22:23]} {[%emt 00:04:33]} 11. cxd5 {[%clk 01:30:39]} {[%emt
00:00:39]} cxd5 {[%clk 01:22:25]} {[%emt 00:00:29]} 12. Bd3 {[%clk 01:30:54]}
{[%emt 00:00:14]} b5 {[%clk 01:21:04]} {[%emt 00:01:51]} 13. a3 {[%clk
01:30:49]} {[%emt 00:00:36]} Nb6 {[%clk 01:20:59]} {[%emt 00:00:34]} 14. Qc2
{[%clk 01:29:32]} {[%emt 00:01:47]} Rc8 {[%clk 01:19:50]} {[%emt 00:01:37]} 15.
Qb3 {[%clk 01:25:31]} {[%emt 00:04:34]} O-O {[%clk 01:08:29]} {[%emt 00:11:47]}
16. Bb1 {[%clk 01:22:52]} {[%emt 00:03:11]} Qd6 {[%clk 01:07:24]} {[%emt
00:01:35]} 17. Qc2 {[%clk 01:22:24]} {[%emt 00:00:59]} Rfd8 {[%clk 01:07:44]}
{[%emt 00:00:10]} 18. Qh7+ {[%clk 01:20:15]} {[%emt 00:02:39]} Kf8 {[%clk
01:07:59]} {[%emt 00:00:15]} 19. Qxh6+ {[%clk 01:19:52]} {[%emt 00:00:52]} Ke8
{[%clk 01:08:21]} {[%emt 00:00:08]} 20. Qh7 {[%clk 01:15:42]} {[%emt 00:04:39]}
Na4 {[%clk 01:06:09]} {[%emt 00:02:45]} 21. Nxa4 {[%clk 01:14:38]} {[%emt
00:01:33]} bxa4 {[%clk 01:00:11]} {[%emt 00:06:29]} 22. O-O {[%clk 01:14:20]}
{[%emt 00:00:48]} Rc7 {[%clk 00:57:55]} {[%emt 00:02:45]} 23. Bc2 {[%clk
01:14:17]} {[%emt 00:00:33]} Rc4 {[%clk 00:55:45]} {[%emt 00:02:40]} 24. b3
{[%clk 01:12:06]} {[%emt 00:02:41]} axb3 {[%clk 00:50:29]} {[%emt 00:05:46]}
25. Bxb3 {[%clk 01:11:50]} {[%emt 00:00:46]} Rc3 {[%clk 00:50:50]} {[%emt
00:00:08]} 26. Ba4+ {[%clk 01:11:58]} {[%emt 00:00:24]} Kf8 {[%clk 00:51:09]}
{[%emt 00:00:11]} 27. Nxg5 {[%clk 01:12:20]} {[%emt 00:00:08]} Rdc8 {[%clk
00:45:28]} {[%emt 00:06:11]} 28. Nxe6+ {[%clk 01:12:34]} {[%emt 00:00:16]} fxe6
{[%clk 00:43:24]} {[%emt 00:02:34]} 29. Qh6+ {[%clk 01:10:53]} {[%emt
00:02:11]} Kf7 {[%clk 00:42:50]} {[%emt 00:01:04]} 30. Qh7+ {[%clk 01:09:59]}
{[%emt 00:01:24]} Bg7 {[%clk 00:39:16]} {[%emt 00:04:03]} 31. Qh5+ {[%clk
01:09:00]} {[%emt 00:01:30]} Kf8 {[%clk 00:33:58]} {[%emt 00:05:48]} 32. Qf3+
{[%clk 01:08:28]} {[%emt 00:01:01]} Kg8 {[%clk 00:33:11]} {[%emt 00:01:17]} 33.
Rfd1 {[%clk 01:06:57]} {[%emt 00:02:02]} R3c4 {[%clk 00:19:51]} {[%emt
00:13:50]} 34. Bb3 {[%clk 01:06:19]} {[%emt 00:01:09]} Rc3 {[%emt 00:04:16]}
35. Rdb1 {[%clk 01:04:42]} Bf6 {[%clk 00:10:09]} {[%emt 00:08:32]} 36. Qg4+
{[%clk 01:04:26]} {[%emt 00:00:46]} Kf8 {[%clk 00:08:51]} {[%emt 00:01:47]} 37.
h4 {[%clk 01:04:23]} {[%emt 00:00:35]} Ke8 {[%clk 00:06:00]} {[%emt 00:03:20]}
38. Qg8+ {[%clk 01:02:50]} {[%emt 00:02:03]} Kd7 {[%clk 00:06:09]} {[%emt
00:00:21]} 39. Ba4+ {[%clk 01:02:59]} {[%emt 00:00:22]} Kc7 {[%clk 00:05:49]}
{[%emt 00:00:49]} 40. Qg4 {[%clk 01:02:50]} {[%emt 00:00:38]} Rxa3 {[%clk
00:02:41]} {[%emt 00:03:39]} 41. Rxa3 {[%clk 01:02:53]} {[%emt 00:00:27]} Qxa3
{[%clk 00:00:51]} {[%emt 00:02:19]} 42. Qg3+ {[%clk 01:03:13]} {[%emt
00:00:11]} Kd8 {[%clk 00:00:39]} {[%emt 00:00:42]} 43. Qg8+ {[%clk 01:03:17]}
{[%emt 00:00:26]} Kc7 {[%clk 00:00:40]} {[%emt 00:00:29]} 44. Qxe6 {[%clk
01:02:38]} {[%emt 00:01:08]} Qxa4 {[%clk 00:27:01]} {[%emt 00:04:10]} 45. Rc1+
{[%clk 01:32:59]} {[%emt 00:00:09]} Kb7 {[%clk 00:23:41]} {[%emt 00:03:51]} 46.
Qxc8+ {[%clk 01:33:17]} {[%emt 00:00:12]} Kb6 {[%clk 00:23:45]} {[%emt
00:00:25]} 47. Qc5+ {[%clk 01:33:30]} {[%emt 00:00:18]} Kb7 {[%clk 00:24:04]}
{[%emt 00:00:12]} 48. Rb1+ {[%clk 01:31:55]} {[%emt 00:02:04]} Qb5 {[%clk
00:23:52]} {[%emt 00:00:42]} 49. Rxb5+ {[%clk 01:32:17]} {[%emt 00:00:09]} axb5
{[%clk 00:24:14]} {[%emt 00:00:07]} 50. Qxb5+ {[%clk 01:32:38]} {[%emt
00:00:08]} Kc7 {[%clk 00:24:41]} {[%emt 00:00:04]} 51. Qxd5 {[%clk 01:32:44]}
{[%emt 00:00:24]} Bxh4 {[%clk 00:25:00]} {[%emt 00:00:11]} 52. f4 {[%clk
01:32:59]} {[%emt 00:00:15]} Be1 {[%clk 00:24:26]} {[%emt 00:01:04]} 53. Qe5+
{[%clk 01:33:18]} {[%emt 00:00:11]} Kd7 {[%clk 00:24:17]} {[%emt 00:00:39]} 54.
f5 {[%clk 01:33:45]} {[%emt 00:00:03]} Bh4 {[%clk 00:24:20]} {[%emt 00:00:26]}
55. g3 {[%clk 01:34:04]} {[%emt 00:00:11]} Bf6 {[%clk 00:24:36]} {[%emt
00:00:14]} 56. Qf4 {[%clk 01:34:18]} {[%emt 00:00:16]} Ke8 {[%clk 00:24:58]}
{[%emt 00:00:10]} 57. g4 {[%clk 01:34:43]} {[%emt 00:00:04]} Kf7 {[%clk
00:25:08]} {[%emt 00:00:20]} 58. g5 {[%clk 01:35:04]} {[%emt 00:00:09]} Bg7
{[%clk 00:24:51]} {[%emt 00:00:46]} 59. d5 {[%clk 01:35:05]} {[%emt 00:00:29]}
Bc3 {[%clk 00:22:19]} {[%emt 00:03:02]} 60. f6 {[%clk 01:34:43]} {[%emt
00:00:53]} exf6 {[%clk 00:22:20]} {[%emt 00:00:28]} 61. gxf6 {[%clk 01:34:34]}
{[%emt 00:00:38]} Bxf6 {[%clk 00:22:41]} {[%emt 00:00:10]} 62. d6 Ke6 {[%clk
00:22:41]} 63. d7 Bd8 {[%clk 00:22:41]} 64. Qg4+ Ke7 {[%clk 00:22:41]} 65. e4
Kd6 {[%clk 00:22:41]} 66. Kf2 Ke7 {[%clk 00:22:41]} 67. e5 Kf8 {[%clk
00:22:41]} 68. Qg5 Bxg5 {[%clk 00:22:41]} 69. e6 Ke7 {[%clk 00:22:41]} 1/2-1/2

[Event "ODJM C 2024"]
[Site "Willingen GER"]
[Date "2024.05.22"]
[Round "5"]
[White "Kasten, Luna Seraphine"]
[Black "Buntin, Amelia Bernadette"]
[Result "0-1"]
[Termination "normal"]
[Board "36"]
[WhiteElo "917"]
[BlackElo "1096"]
[WhiteClock "00:57:33"]
[BlackClock "01:29:11"]
[PlyCount "70"]
[WhiteFideId "34681639"]
[BlackFideId "34649581"]
[EventCountry "GER"]
[EventRounds "9"]
[EventType "swiss"]
[EventDate "2024.05.18"]

1. e4 {[%clk 01:30:57]} {[%emt 00:00:02]} d6 {[%clk 01:30:57]} {[%emt
00:00:04]} 2. d4 {[%clk 01:31:18]} {[%emt 00:00:09]} Nf6 {[%clk 01:31:19]}
{[%emt 00:00:08]} 3. Bd3 {[%clk 01:31:38]} {[%emt 00:00:11]} g6 {[%clk
01:31:42]} {[%emt 00:00:07]} 4. f4 {[%clk 01:31:56]} {[%emt 00:00:11]} Bg7
{[%clk 01:31:58]} {[%emt 00:00:13]} 5. c4 {[%clk 01:32:19]} {[%emt 00:00:08]}
Bg4 {[%clk 01:32:11]} {[%emt 00:00:16]} 6. Be2 {[%clk 01:32:33]} {[%emt
00:00:17]} O-O {[%clk 01:32:16]} {[%emt 00:00:25]} 7. Bxg4 {[%clk 01:31:55]}
{[%emt 00:01:07]} Nxe4 {[%clk 01:32:29]} {[%emt 00:00:17]} 8. Be3 {[%clk
01:31:29]} {[%emt 00:00:57]} Nd7 {[%clk 01:32:12]} {[%emt 00:00:47]} 9. Qf3
{[%clk 01:31:20]} {[%emt 00:00:38]} Nef6 {[%clk 01:32:04]} {[%emt 00:00:39]}
10. Bxd7 {[%clk 01:31:18]} {[%emt 00:00:30]} Nxd7 {[%emt 00:01:22]} 11. Qxb7
{[%clk 01:29:50]} {[%emt 00:00:57]} Rb8 {[%clk 01:31:19]} {[%emt 00:01:26]} 12.
Qxa7 {[%clk 01:27:57]} {[%emt 00:02:22]} Rxb2 {[%clk 01:31:22]} {[%emt
00:00:28]} 13. Nd2 {[%clk 01:27:49]} {[%emt 00:00:37]} e5 {[%clk 01:31:34]}
{[%emt 00:00:19]} 14. fxe5 {[%clk 01:26:59]} {[%emt 00:01:20]} dxe5 {[%clk
01:31:53]} {[%emt 00:00:10]} 15. Ngf3 {[%clk 01:27:11]} {[%emt 00:00:17]} e4
{[%clk 01:32:01]} {[%emt 00:00:24]} 16. Nxe4 {[%clk 01:25:59]} {[%emt
00:01:42]} Rxg2 {[%clk 01:31:53]} {[%emt 00:00:38]} 17. Bg5 {[%clk 01:18:19]}
{[%emt 00:08:11]} Qb8 {[%clk 01:30:46]} {[%emt 00:01:36]} 18. Qa3 {[%clk
01:17:47]} {[%emt 00:01:02]} Qa8 {[%clk 01:30:17]} {[%emt 00:00:56]} 19. Qxa8
{[%clk 01:17:34]} {[%emt 00:00:47]} Rxa8 {[%clk 01:30:37]} {[%emt 00:00:09]}
20. Nh4 {[%clk 01:17:29]} {[%emt 00:00:34]} Rg4 {[%clk 01:29:03]} {[%emt
00:02:06]} 21. Be3 {[%clk 01:06:03]} {[%emt 00:11:42]} Rxe4 {[%clk 01:28:18]}
{[%emt 00:01:29]} 22. Nf3 {[%clk 01:05:25]} {[%emt 00:01:07]} Rxe3+ {[%clk
01:28:33]} {[%emt 00:00:16]} 23. Kf2 {[%clk 01:05:10]} {[%emt 00:00:44]} Raa3
{[%clk 01:28:42]} {[%emt 00:00:22]} 24. Ne1 {[%clk 01:04:48]} {[%emt 00:00:52]}
Bxd4 {[%clk 01:28:31]} {[%emt 00:00:42]} 25. Kf1 {[%clk 01:04:54]} {[%emt
00:00:22]} Bxa1 {[%clk 01:28:52]} {[%emt 00:00:10]} 26. Nc2 {[%clk 01:03:52]}
{[%emt 00:01:33]} Rf3+ {[%clk 01:29:13]} {[%emt 00:00:09]} 27. Ke2 {[%clk
01:02:38]} {[%emt 00:01:41]} Rac3 {[%clk 01:29:20]} {[%emt 00:00:24]} 28. Nxa1
{[%clk 01:01:59]} {[%emt 00:01:07]} Rfe3+ {[%clk 01:29:30]} {[%emt 00:00:24]}
29. Kd2 {[%clk 01:01:56]} {[%emt 00:00:32]} Ne5 {[%clk 01:29:34]} {[%emt
00:00:26]} 30. Nc2 {[%clk 01:00:50]} {[%emt 00:01:32]} Nxc4+ {[%clk 01:29:11]}
{[%emt 00:00:57]} 31. Kd1 {[%clk 01:00:16]} {[%emt 00:01:03]} Red3+ {[%clk
01:29:22]} {[%emt 00:00:20]} 32. Kc1 {[%clk 00:59:49]} {[%emt 00:00:56]} Rd2
{[%clk 01:29:24]} {[%emt 00:00:28]} 33. Kb1 {[%clk 00:57:23]} {[%emt 00:02:56]}
Rcxc2 {[%clk 01:29:03]} {[%emt 00:00:50]} 34. Ka1 {[%clk 00:57:21]} {[%emt
00:00:33]} Na3 {[%clk 01:29:21]} {[%emt 00:00:13]} 35. h3 {[%clk 00:57:33]}
{[%emt 00:00:17]} Rxa2# {[%clk 01:29:11]} {[%emt 00:00:08]} 0-1

[Event "ODJM C 2024"]
[Site "Willingen GER"]
[Date "2024.05.22"]
[Round "5"]
[White "Staudt, Merle"]
[Black "Kanno, Gabriel"]
[Result "1-0"]
[Termination "normal"]
[Board "37"]
[WhiteElo "1573"]
[BlackElo "884"]
[WhiteClock "01:14:00"]
[BlackClock "01:11:24"]
[PlyCount "49"]
[WhiteFideId "34631151"]
[BlackFideId "34623973"]
[EventCountry "GER"]
[EventRounds "9"]
[EventType "swiss"]
[EventDate "2024.05.18"]

1. e4 {[%clk 01:30:58]} {[%emt 00:00:02]} e5 {[%clk 01:30:54]} {[%emt
00:00:07]} 2. d4 {[%clk 01:31:23]} {[%emt 00:00:06]} exd4 {[%clk 01:31:16]}
{[%emt 00:00:08]} 3. Qxd4 {[%clk 01:31:45]} {[%emt 00:00:06]} Nc6 {[%clk
01:31:38]} {[%emt 00:00:09]} 4. Qe3 {[%clk 01:31:52]} {[%emt 00:00:23]} Nf6
{[%clk 01:31:32]} {[%emt 00:00:36]} 5. Nc3 {[%clk 01:31:53]} {[%emt 00:00:28]}
Bb4 {[%clk 01:30:02]} {[%emt 00:02:01]} 6. Bd2 {[%clk 01:31:29]} {[%emt
00:00:54]} O-O {[%clk 01:30:15]} {[%emt 00:00:17]} 7. O-O-O {[%clk 01:31:07]}
{[%emt 00:00:52]} Re8 {[%clk 01:30:22]} {[%emt 00:00:23]} 8. Bd3 {[%clk
01:30:26]} {[%emt 00:01:07]} d6 {[%clk 01:30:04]} {[%emt 00:00:55]} 9. Qg3
{[%clk 01:24:24]} {[%emt 00:06:27]} Bxc3 {[%clk 01:29:18]} {[%emt 00:01:17]}
10. Bxc3 {[%emt 00:00:13]} Bg4 {[%clk 01:28:04]} {[%emt 00:01:42]} 11. f3
{[%clk 01:24:31]} {[%emt 00:00:42]} Bh5 {[%clk 01:26:02]} {[%emt 00:02:34]} 12.
Ne2 {[%clk 01:19:08]} {[%emt 00:05:52]} Bg6 {[%clk 01:25:58]} {[%emt 00:00:34]}
13. Nf4 {[%clk 01:19:07]} {[%emt 00:00:29]} Ne5 {[%clk 01:20:32]} {[%emt
00:05:58]} 14. Nxg6 {[%clk 01:18:51]} {[%emt 00:00:46]} Nxg6 {[%clk 01:20:54]}
{[%emt 00:00:07]} 15. h4 {[%clk 01:18:40]} {[%emt 00:00:42]} Nh5 {[%clk
01:20:27]} {[%emt 00:00:58]} 16. Qh2 {[%clk 01:18:55]} {[%emt 00:00:13]} Rb8
{[%clk 01:19:31]} {[%emt 00:01:28]} 17. g4 {[%clk 01:18:16]} {[%emt 00:01:08]}
Nf6 {[%clk 01:19:00]} {[%emt 00:01:01]} 18. h5 {[%clk 01:17:09]} {[%emt
00:01:37]} Nf8 {[%clk 01:16:12]} {[%emt 00:03:17]} 19. g5 {[%clk 01:16:43]}
{[%emt 00:00:56]} N6d7 {[%clk 01:16:04]} {[%emt 00:00:39]} 20. Rdg1 {[%clk
01:16:38]} {[%emt 00:00:32]} Re6 {[%clk 01:15:31]} {[%emt 00:01:06]} 21. Bc4
{[%clk 01:16:24]} {[%emt 00:00:41]} Re7 {[%clk 01:13:37]} {[%emt 00:02:26]} 22.
g6 {[%clk 01:13:54]} {[%emt 00:02:58]} hxg6 {[%clk 01:11:36]} {[%emt 00:02:32]}
23. hxg6 {[%clk 01:14:09]} {[%emt 00:00:15]} Nxg6 {[%clk 01:11:01]} {[%emt
00:01:06]} 24. Rxg6 {[%clk 01:13:38]} {[%emt 00:00:59]} Kf8 {[%clk 01:11:24]}
{[%emt 00:00:09]} 25. Qh8# {[%clk 01:14:00]} {[%emt 00:00:08]} 1-0

[Event "ODJM C 2024"]
[Site "Willingen GER"]
[Date "2024.05.22"]
[Round "5"]
[White "Zhang, Kai"]
[Black "Ly, Lina"]
[Result "1-0"]
[Termination "normal"]
[Board "39"]
[WhiteElo "1504"]
[BlackElo "863"]
[WhiteClock "01:32:00"]
[BlackClock "01:23:36"]
[PlyCount "57"]
[WhiteFideId "34658815"]
[BlackFideId "34625070"]
[EventCountry "GER"]
[EventRounds "9"]
[EventType "swiss"]
[EventDate "2024.05.18"]

1. e4 {[%clk 01:30:59]} {[%emt 00:05:29]} e5 {[%clk 01:30:54]} {[%emt
00:00:07]} 2. Nf3 {[%clk 01:31:25]} {[%emt 00:00:05]} Nc6 {[%clk 01:31:17]}
{[%emt 00:00:07]} 3. Bc4 {[%clk 01:31:50]} {[%emt 00:00:05]} Nf6 {[%clk
01:31:34]} {[%emt 00:00:12]} 4. d3 {[%clk 01:32:13]} {[%emt 00:00:07]} Bc5
{[%clk 01:31:45]} {[%emt 00:00:19]} 5. Nc3 {[%clk 01:32:37]} {[%emt 00:00:07]}
O-O {[%clk 01:31:34]} {[%emt 00:00:41]} 6. Bg5 {[%clk 01:33:00]} {[%emt
00:00:07]} Be7 {[%clk 01:31:33]} {[%emt 00:00:31]} 7. Qd2 {[%clk 01:32:11]}
{[%emt 00:01:18]} Na5 {[%clk 01:31:26]} {[%emt 00:00:38]} 8. O-O-O {[%clk
01:31:58]} {[%emt 00:00:42]} c6 {[%clk 01:31:34]} {[%emt 00:00:23]} 9. Bb3
{[%emt 00:03:01]} Nxb3+ {[%clk 01:29:05]} {[%emt 00:02:04]} 10. cxb3 {[%clk
01:29:57]} {[%emt 00:00:55]} d5 {[%clk 01:29:17]} {[%emt 00:00:18]} 11. Nxe5
{[%clk 01:29:24]} {[%emt 00:01:03]} d4 {[%clk 01:28:43]} {[%emt 00:01:03]} 12.
Ne2 {[%clk 01:29:15]} {[%emt 00:00:38]} Ng4 {[%clk 01:27:27]} {[%emt 00:01:47]}
13. Bxe7 {[%clk 01:29:23]} {[%emt 00:00:23]} Qxe7 {[%clk 01:27:44]} {[%emt
00:00:12]} 14. Nxg4 {[%clk 01:29:46]} {[%emt 00:00:07]} Bxg4 {[%clk 01:27:47]}
{[%emt 00:00:27]} 15. f3 {[%clk 01:30:10]} {[%emt 00:00:06]} Be6 {[%clk
01:26:59]} {[%emt 00:01:19]} 16. Nxd4 {[%clk 01:30:27]} {[%emt 00:00:12]} c5
{[%clk 01:26:32]} {[%emt 00:00:58]} 17. Nxe6 {[%clk 01:30:39]} {[%emt
00:00:17]} Qxe6 {[%clk 01:26:53]} {[%emt 00:00:10]} 18. d4 {[%clk 01:30:51]}
{[%emt 00:00:18]} Rad8 {[%clk 01:27:11]} {[%emt 00:00:12]} 19. Qe3 {[%clk
01:30:53]} {[%emt 00:00:27]} b6 {[%clk 01:26:26]} {[%emt 00:01:16]} 20. dxc5
{[%clk 01:31:12]} {[%emt 00:00:10]} bxc5 {[%clk 01:26:44]} {[%emt 00:00:12]}
21. Qxc5 {[%clk 01:31:30]} {[%emt 00:00:07]} h6 {[%clk 01:26:11]} {[%emt
00:01:07]} 22. Kb1 {[%clk 01:30:51]} {[%emt 00:01:09]} Rd7 {[%clk 01:25:50]}
{[%emt 00:00:52]} 23. Rd5 {[%clk 01:30:40]} {[%emt 00:00:42]} Rfd8 {[%clk
01:24:17]} {[%emt 00:02:03]} 24. Rhd1 {[%clk 01:30:49]} {[%emt 00:00:21]} a6
{[%clk 01:23:24]} {[%emt 00:01:22]} 25. Rxd7 {[%clk 01:30:56]} {[%emt
00:00:23]} Rxd7 {[%clk 01:23:41]} {[%emt 00:00:14]} 26. Rxd7 {[%clk 01:31:22]}
{[%emt 00:00:04]} Qxd7 {[%clk 01:23:57]} {[%emt 00:00:14]} 27. a4 {[%clk
01:31:40]} {[%emt 00:00:12]} Qd1+ {[%clk 01:23:49]} {[%emt 00:00:38]} 28. Ka2
{[%clk 01:32:00]} {[%emt 00:00:09]} Qg1 {[%clk 01:23:36]} {[%emt 00:00:42]} 29.
Qxg1 {[%emt 00:00:54]} 1-0